Fisiología del ejercicio / (Registro nro. 38624)
[ vista simple ]
| 000 -LEADER | |
|---|---|
| fixed length control field | 01564cam a2200361 i 4500 |
| 001 - CONTROL NUMBER | |
| control field | 38624 |
| 003 - CONTROL NUMBER IDENTIFIER | |
| control field | Mx-PuUPA |
| 005 - DATE AND TIME OF LATEST TRANSACTION | |
| control field | 20260217151918.0 |
| 008 - FIXED-LENGTH DATA ELEMENTS--GENERAL INFORMATION | |
| fixed length control field | 140415s2023 sp ad fr 000 0 spa d |
| 017 ## - COPYRIGHT OR LEGAL DEPOSIT NUMBER | |
| Copyright or legal deposit number | M18194-2022 |
| 020 ## - INTERNATIONAL STANDARD BOOK NUMBER | |
| International Standard Book Number | 9788491107491 |
| Qualifying information | versión impresa + versión digital |
| 040 ## - CATALOGING SOURCE | |
| Original cataloging agency | Mx-PuUPA |
| Transcribing agency | Mx-PuUPA |
| Language of cataloging | spa |
| Modifying agency | Mx-PuUPA |
| Description conventions | rda |
| 041 0# - LANGUAGE CODE | |
| Language code of text/sound track or separate title | spa |
| 245 00 - TITLE STATEMENT | |
| Title | Fisiología del ejercicio / |
| Statement of responsibility, etc. | José López Chicharro, Almudena Fernández Vaquero, [editor] |
| 250 ## - EDITION STATEMENT | |
| Edition statement | 4a. edición |
| 264 #1 - PRODUCTION, PUBLICATION, DISTRIBUTION, MANUFACTURE, AND COPYRIGHT NOTICE | |
| Place of production, publication, distribution, manufacture | Madrid, España : |
| Name of producer, publisher, distributor, manufacturer | Editorial Médica Panamericana, |
| Date of production, publication, distribution, manufacture, or copyright notice | ©2023 |
| 300 ## - PHYSICAL DESCRIPTION | |
| Extent | xiv, 566 páginas : |
| Other physical details | ilustraciones, gráficas, diagramas, tablas (en color) ; |
| Dimensions | 28 cm + |
| Accompanying material | 2 láminas |
| 336 ## - CONTENT TYPE | |
| Fuente | rdacontent |
| Content type term | texto |
| Content type code | txt |
| 336 ## - CONTENT TYPE | |
| Fuente | rdacontent |
| Content type term | imagen fija |
| Content type code | sti |
| 337 ## - MEDIA TYPE | |
| Source | rdamedia |
| Media type term | sin medio |
| Media type code | n |
| 338 ## - CARRIER TYPE | |
| Source | rdacarrier |
| Carrier type term | volumen |
| Carrier type code | nc |
| 505 ## - FORMATTED CONTENTS NOTE | |
| Formatted contents note | 2 láminas (51 cm x 64 cm). |
| 650 #7 - SUBJECT ADDED ENTRY--TOPICAL TERM | |
| Source of heading or term | armarc |
| Topical term or geographic name entry element | Ejercicio |
| General subdivision | Aspectos fisiológicos |
| 650 #7 - SUBJECT ADDED ENTRY--TOPICAL TERM | |
| Source of heading or term | armarc |
| Topical term or geographic name entry element | Deportes |
| General subdivision | Aspectos fisiológicos |
| 650 #7 - SUBJECT ADDED ENTRY--TOPICAL TERM | |
| Source of heading or term | armarc |
| Topical term or geographic name entry element | Medicina deportiva |
| 700 1# - ADDED ENTRY--PERSONAL NAME | |
| Personal name | López Chicharro, José, |
| Relator term | editor |
| 9 (RLIN) | 16289 |
| 700 1# - ADDED ENTRY--PERSONAL NAME | |
| Personal name | Fernández Vaquero, Almudena, |
| Relator term | editor |
| 942 ## - ADDED ENTRY ELEMENTS (KOHA) | |
| Source of classification or shelving scheme | Dewey Decimal Classification |
| Koha item type | Libro |
| Classification part | 612.044 |
| Item part | F52 |
| Withdrawn status | Lost status | Source of classification or shelving scheme | Damaged status | Not for loan | Collection code | Home library | Current library | Shelving location | Date acquired | Source of acquisition | Cost, normal purchase price | Total Checkouts | Full call number | Barcode | Date last seen | Cost, replacement price | Price effective from | Koha item type |
|---|---|---|---|---|---|---|---|---|---|---|---|---|---|---|---|---|---|---|
| Dewey Decimal Classification | General | Biblioteca Karol Wojtyla | Biblioteca Karol Wojtyla | Sala general | 30/09/2024 | 1 | 2390.00 | 612.044 F52 2023 | 105262 | 05/01/2026 | 2390.00 | 30/09/2024 | Reserva permanente |